000 01340cam a22003374a 4500
001 13868076
003 OSt
005 20240415153808.0
008 050211s2006 caua b 001 0 eng
010 _a 2005003582
020 _a1412909295 (pbk.)
040 _aDLC
_cDLC
_dDLC
042 _apcc
050 0 0 _aHD58.7
_b.C358 2006
082 0 0 _a302.3/5
_222
_bSEI
245 0 0 _aCases in organizational behavior /
_c[edited by] Gerard H. Seijts.
246 3 _aOrganizational behavior
260 _aThousand Oaks :
_bSage Publications,
_cc2006.
300 _ax, 295 p. :
_bill. ;
_c24 cm.
440 4 _aThe Ivey casebook series
_9122310
504 _aIncludes bibliographical references.
650 0 _aOrganizational behavior
_vCase studies.
_914102
650 0 _aManagement
_vCase studies.
_914101
700 1 _aSeijts, Gerard H.
_9122311
856 4 1 _3Table of contents only
_uhttp://www.loc.gov/catdir/toc/ecip057/2005003582.html
856 4 2 _3Publisher description
_uhttp://www.loc.gov/catdir/enhancements/fy0658/2005003582-d.html
856 4 2 _3Contributor biographical information
_uhttp://www.loc.gov/catdir/enhancements/fy0739/2005003582-b.html
906 _a7
_bcbc
_corignew
_d1
_eecip
_f20
_gy-gencatlg
942 _2ddc
_cBK
999 _c3030
_d3030